[Event "EU-Cup 34th"]
[Site "Porto Carras"]
[Date "2018.10.15"]
[Round "4.4"]
[White "Matlakov, Maxim"]
[Black "Jakovenko, Dmitrij"]
[Result "1/2-1/2"]
[WhiteElo "2683"]
[BlackElo "2752"]
[PlyCount "69"]
[EventDate "2018.10.12"]
[EventType "team-swiss"]
[EventRounds "7"]
[EventCountry "GRE"]
[SourceTitle "CBM 187"]
[Source "ChessBase"]
[SourceDate "2018.12.11"]
[SourceVersion "1"]
[SourceVersionDate "2018.12.11"]
[SourceQuality "1"]
[WhiteTeam "St Petersburg Bronze Horseman"]
[BlackTeam "Alkaloid"]
[WhiteTeamCountry "RUS"]
[BlackTeamCountry "MKD"]

1. c4 c5 2. Nf3 Nf6 3. Nc3 e6 4. e3 d5 5. d4 Nc6 6. cxd5 exd5 7. Bb5 Bd6 8. dxc5 Bxc5 9. O-O O-O 10. b3 Bg4 11. Bb2 Rc8 12. Rc1 ({RR} 12. h3 Bh5 13. Be2 Qd7 14. Rc1 Rfd8 15. Na4 Be7 16. Nc5 Bxc5 17. Rxc5 Ne4 18. Rc2 f6 19. a3 a6 20. b4 Ne7 21. Rxc8 Rxc8 22. g4 Bf7 23. Nd4 Nc3 24. Bxc3 Rxc3 25. Qa1 Rc8 26. Nb3 Nc6 {Wang,H (2733)-Matlakov,M (2682) Rhodes 2013 ½-½ (41)}) ({RR} 12. h3 Bh5 13. Be2 Qd7 14. Rc1 Rfd8 15. Na4 Be7 16. Nc5 Bxc5 17. Rxc5 Ne4 18. Rc2 f6 19. a3 a6 20. b4 Ne7 21. Rxc8 Rxc8 22. g4 Bf7 23. Nd4 Nc3 24. Bxc3 Rxc3 25. Qa1 Rc8 26. Nb3 Nc6 {Wang,H (2733)-Matlakov,M (2682) Rhodes 2013 ½-½ (41)}) 12... Bd6 ({RR} 12... a6 13. Be2 Ba7 14. h3 Bh5 15. Nh4 Bg6 16. Nxg6 hxg6 17. Bf3 d4 18. exd4 Bxd4 19. Na4 Bxb2 20. Nxb2 Nd4 21. Rxc8 Nxf3+ 22. Qxf3 Qxc8 23. Nc4 b5 24. Ne3 Qc3 25. Qe2 Re8 26. Rd1 Qe5 27. Qc2 {Topalov,V (2793)-Karjakin,S (2767) Stavanger 2013 0-1 (64)}) ({RR} 12... a6 13. Be2 Ba7 14. h3 Bh5 15. Nh4 Bg6 16. Nxg6 hxg6 17. Bf3 d4 18. exd4 Bxd4 19. Na4 Bxb2 20. Nxb2 Nd4 21. Rxc8 Nxf3+ 22. Qxf3 Qxc8 23. Nc4 b5 24. Ne3 Qc3 25. Qe2 Re8 26. Rd1 Qe5 27. Qc2 {Topalov,V (2793)-Karjakin,S (2767) Stavanger 2013 0-1 (64)}) 13. Be2 Bb8 ({RR} 13... a6 14. Nd4 Bxe2 15. Ncxe2 Re8 16. Nf3 Ne4 17. Ng3 Bf8 18. Qd3 Nb4 19. Qb1 Rxc1 20. Rxc1 Qd7 21. Rd1 Qe6 22. a3 Nc6 23. b4 Bd6 24. Qd3 Bxg3 25. hxg3 h6 26. b5 axb5 27. Qxb5 Rd8 28. Ba1 {Xu,Y (2530)-Yang,Z (2372) Xinghua 2025 0-1 (59)}) ({RR} 13... a6 14. Nd4 Bxe2 15. Ncxe2 Re8 16. Nf3 Ne4 17. Ng3 Bf8 18. Qd3 Nb4 19. Qb1 Rxc1 20. Rxc1 Qd7 21. Rd1 Qe6 22. a3 Nc6 23. b4 Bd6 24. Qd3 Bxg3 25. hxg3 h6 26. b5 axb5 27. Qxb5 Rd8 28. Ba1 {Xu,Y (2530)-Yang,Z (2372) Xinghua 2025 0-1 (59)}) 14. Nd4 $146 ({RR} 14. Nb5 Re8 15. h3 Bf5 16. Bd3 Ne4 17. Nbd4 Nxd4 18. Nxd4 Rxc1 19. Qxc1 Bxh3 20. Bxe4 dxe4 21. gxh3 Qg5+ 22. Kh1 Qh4 23. Kg2 Qg5+ 24. Kh1 Qh4 25. Kg2 Qg5+ {½-½ (25) Prokofiev,V (2337)-Zylka,S (2394) Bohumin CZE 2024}) ({RR} 14. Nb5 Ne4 15. Nbd4 Qd6 16. Nxc6 bxc6 17. Be5 Qh6 18. Bxb8 Rxb8 19. Ne5 Bxe2 20. Qxe2 Rbc8 21. Qa6 Qd6 22. Rxc6 Rxc6 23. Nxc6 Nc5 24. Qxa7 Qxc6 25. Rc1 Qa6 26. Qxc5 Qxa2 27. Qxd5 Rb8 28. Qb7 Rd8 {Sai Agni,J (2319)-Lehaci,M (2212) Novi Sad 2021 1-0 (48)}) ({RR} 14. Nb5 Re8 15. h3 Bf5 16. Bd3 Ne4 17. Nbd4 Nxd4 18. Nxd4 Rxc1 19. Qxc1 Bxh3 20. Bxe4 dxe4 21. gxh3 Qg5+ 22. Kh1 Qh4 23. Kg2 Qg5+ 24. Kh1 Qh4 25. Kg2 Qg5+ {½-½ (25) Prokofiev,V (2337)-Zylka,S (2394) Bohumin CZE 2024}) ({RR} 14. Nb5 Ne4 15. Nbd4 Qd6 16. Nxc6 bxc6 17. Be5 Qh6 18. Bxb8 Rxb8 19. Ne5 Bxe2 20. Qxe2 Rbc8 21. Qa6 Qd6 22. Rxc6 Rxc6 23. Nxc6 Nc5 24. Qxa7 Qxc6 25. Rc1 Qa6 26. Qxc5 Qxa2 27. Qxd5 Rb8 28. Qb7 Rd8 {Sai Agni,J (2319)-Lehaci,M (2212) Novi Sad 2021 1-0 (48)}) 14... Qd6 15. g3 Bh3 16. Re1 Rfd8 17. Nxc6 bxc6 18. Na4 Bc7 19. Qd4 Ba5 20. Red1 Qe7 21. a3 Rd6 22. b4 Bd8 23. Nc5 Bb6 24. Qh4 Bf5 25. Bd3 Bg6 26. Bf1 Re8 27. Bg2 h6 28. a4 Bxc5 29. Bxf6 Rxf6 30. Rxc5 Be4 31. Bxe4 dxe4 32. Qh5 Qe6 33. Qe2 Qb3 34. Rd4 Qxa4 35. Ra5 1/2-1/2

[Event "Riga FIDE GP"]
[Site "Riga"]
[Date "2019.07.14"]
[Round "1.4"]
[White "Vitiugov, Nikita"]
[Black "Grischuk, Alexander"]
[Result "0-1"]
[WhiteElo "2727"]
[BlackElo "2766"]
[PlyCount "48"]
[EventDate "2019.07.12"]
[EventType "k.o."]
[EventRounds "4"]
[EventCountry "LAT"]
[SourceTitle "CBM 191 Extra"]
[Source "ChessBase"]
[SourceDate "2019.09.30"]
[SourceVersion "1"]
[SourceVersionDate "2019.09.30"]
[SourceQuality "1"]

1. d4 Nf6 2. Nf3 d5 3. c4 e6 4. Nc3 c5 5. e3 Nc6 6. cxd5 exd5 7. Bb5 cxd4 8. Nxd4 Bd7 9. O-O Bd6 10. Nf3 Bg4 11. Be2 O-O 12. h3 Bh5 13. b3 Qa5 ({RR} 13... Bxf3 14. Bxf3 Be5 15. Bb2 Ne4 16. Rc1 Qa5 17. Qxd5 Qxd5 18. Nxd5 Bxb2 19. Rc2 Nxf2 20. Kxf2 {½-½ (20) Checa,N (2517)-Deviprasath,S (2416) Charlotte USA 2025}) ({RR} 13... Bxf3 14. Bxf3 Be5 15. Bb2 Ne4 16. Rc1 Qa5 17. Qxd5 Qxd5 18. Nxd5 Bxb2 19. Rc2 Nxf2 20. Kxf2 {½-½ (20) Checa,N (2517)-Deviprasath,S (2416) Charlotte USA 2025}) 14. Bb2 Rad8 15. Nd4 Nxd4 16. Bxh5 $146 ({RR} 16. Qxd4 Bc5 17. Qf4 d4 18. exd4 Bxd4 19. Bxh5 Nxh5 20. Qf3 Rfe8 21. Rad1 Nf6 22. Rd2 Be5 23. Re2 Bd4 24. Rd2 Be5 25. Re2 Bd4 26. Rd2 {½-½ (26) Stoyanov,T (2465)-Mis,M (2325) Prague CZE 2024}) ({RR} 16. Qxd4 Bc5 17. Qa4 Qxa4 18. bxa4 d4 19. exd4 Bxd4 20. Bxh5 Nxh5 21. Rfd1 Nf4 22. Kf1 Bf6 23. Rab1 h5 24. Bc1 Nd3 25. Ne4 Nxc1 26. Nxf6+ gxf6 27. Rdxc1 Rd4 28. a5 Rd5 29. a6 bxa6 30. Rc6 Kg7 {Stremavicius,T (2487)-Brynell,S (2431) Fagernes 2021 ½-½ (55)}) ({RR} 16. Qxd4 Bc5 17. Qf4 d4 18. exd4 Bxd4 19. Bxh5 Nxh5 20. Qf3 Rfe8 21. Rad1 Nf6 22. Rd2 Be5 23. Re2 Bd4 24. Rd2 Be5 25. Re2 Bd4 26. Rd2 {½-½ (26) Stoyanov,T (2465)-Mis,M (2325) Prague CZE 2024}) ({RR} 16. Qxd4 Bc5 17. Qa4 Qxa4 18. bxa4 d4 19. exd4 Bxd4 20. Bxh5 Nxh5 21. Rfd1 Nf4 22. Kf1 Bf6 23. Rab1 h5 24. Bc1 Nd3 25. Ne4 Nxc1 26. Nxf6+ gxf6 27. Rdxc1 Rd4 28. a5 Rd5 29. a6 bxa6 30. Rc6 Kg7 {Stremavicius,T (2487)-Brynell,S (2431) Fagernes 2021 ½-½ (55)}) 16... Nc6 17. Be2 Be5 18. Rc1 Ne4 19. Qe1 Bxc3 20. Bxc3 Qxa2 21. Bb5 Nxc3 22. Qxc3 d4 23. exd4 Nxd4 24. Bc4 b5 0-1

[Event "Dortmund 47th"]
[Site "Dortmund"]
[Date "2019.07.19"]
[Round "5"]
[White "Wojtaszek, Radoslaw"]
[Black "Nisipeanu, Liviu Dieter"]
[Result "1/2-1/2"]
[WhiteElo "2737"]
[BlackElo "2672"]
[PlyCount "148"]
[EventDate "2019.07.13"]
[EventType "tourn"]
[EventRounds "7"]
[EventCountry "GER"]
[EventCategory "19"]
[SourceTitle "CBM 191"]
[Source "ChessBase"]
[SourceDate "2019.08.31"]
[SourceVersion "1"]
[SourceVersionDate "2019.08.31"]
[SourceQuality "1"]

1. c4 e6 2. Nc3 d5 3. d4 c5 4. cxd5 exd5 5. Nf3 Nc6 6. dxc5 d4 7. Na4 Bxc5 8. Nxc5 Qa5+ 9. Bd2 Qxc5 10. Rc1 Qb6 11. e3 Nf6 12. Bc4 dxe3 13. Bxe3 Qb4+ 14. Bd2 Qe7+ 15. Be2 O-O 16. O-O Be6 ({RR} 16... Bg4 17. h3 Bh5 18. Re1 Qd6 19. Be3 Rfd8 20. Qxd6 Rxd6 21. b4 Rdd8 22. Bc5 a6 23. a4 Nd5 24. b5 axb5 25. g4 Bg6 26. Bxb5 Nf4 27. Bb6 Rf8 28. Rc4 Nd5 29. Bc5 Rfc8 30. Rcc1 Nf4 31. Red1 {Niemann,H (2728)-Liang,A (2718) Paris FRA 2026 1-0 (64)}) ({RR} 16... Bg4 17. Re1 Qd7 18. h3 Bh5 19. Bc3 Qxd1 20. Rexd1 Rfe8 21. Bb5 Bxf3 22. gxf3 Re6 23. Bxf6 Rxf6 24. Rd7 g6 25. Rxb7 Nd4 26. Rcc7 Nxf3+ 27. Kf1 Rd8 28. Rd7 Rc8 29. Rdc7 Rd8 30. Bd7 Ne5 31. Rxa7 {Wojtaszek,R (2744)-Moranda,W (2591) Wroclaw 2014 1-0 (45)}) ({RR} 16... Bg4 17. h3 Bh5 18. Re1 Qd6 19. Be3 Rfd8 20. Qxd6 Rxd6 21. b4 Rdd8 22. Bc5 a6 23. a4 Nd5 24. b5 axb5 25. g4 Bg6 26. Bxb5 Nf4 27. Bb6 Rf8 28. Rc4 Nd5 29. Bc5 Rfc8 30. Rcc1 Nf4 31. Red1 {Niemann,H (2728)-Liang,A (2718) Paris FRA 2026 1-0 (64)}) ({RR} 16... Bg4 17. Re1 Qd7 18. h3 Bh5 19. Bc3 Qxd1 20. Rexd1 Rfe8 21. Bb5 Bxf3 22. gxf3 Re6 23. Bxf6 Rxf6 24. Rd7 g6 25. Rxb7 Nd4 26. Rcc7 Nxf3+ 27. Kf1 Rd8 28. Rd7 Rc8 29. Rdc7 Rd8 30. Bd7 Ne5 31. Rxa7 {Wojtaszek,R (2744)-Moranda,W (2591) Wroclaw 2014 1-0 (45)}) 17. Re1 Rfe8 $146 ({RR} 17... Qd7 18. Bb5 Rad8 19. Qa4 Bd5 20. Ne5 Qf5 21. g4 Qc8 22. Ba5 Nxe5 23. Rxc8 Nf3+ 24. Kf1 Nxh2+ 25. Ke2 Bf3+ 26. Ke3 Rxc8 27. Kf4 Bxg4 28. Kg3 Nf3 29. Re3 Ng5 30. Bb4 Nge4+ 31. Rxe4 Nxe4+ 32. Kxg4 {Bondarenko,I (2144)-Demchenko,M (1736) St Petersburg RUS 2023 1-0 (42)}) ({RR} 17... Qd7 18. Qa4 Rfe8 19. Bg5 Nd5 20. Bb5 Nb6 21. Qa3 {½-½ (21) Breutigam,M (2354)-Berelowitsch,A (2485) Germany GER 2024}) ({RR} 17... Qd7 18. Bb5 Rad8 19. Qa4 Bd5 20. Ne5 Qf5 21. g4 Qc8 22. Ba5 Nxe5 23. Rxc8 Nf3+ 24. Kf1 Nxh2+ 25. Ke2 Bf3+ 26. Ke3 Rxc8 27. Kf4 Bxg4 28. Kg3 Nf3 29. Re3 Ng5 30. Bb4 Nge4+ 31. Rxe4 Nxe4+ 32. Kxg4 {Bondarenko,I (2144)-Demchenko,M (1736) St Petersburg RUS 2023 1-0 (42)}) ({RR} 17... Qd7 18. Qa4 Rfe8 19. Bg5 Nd5 20. Bb5 Nb6 21. Qa3 {½-½ (21) Breutigam,M (2354)-Berelowitsch,A (2485) Germany GER 2024}) 18. Qa4 Bd5 19. a3 Qd7 20. Bg5 Re4 21. Qb5 Rg4 22. h3 a6 23. Qc5 Re4 24. Bxf6 gxf6 25. Red1 Rxe2 26. Rxd5 Qe7 27. Qc4 Re4 28. Qd3 Re8 29. Rd7 Ne5 30. Nxe5 Qxe5 31. Rxb7 Qf4 32. Rf1 Re1 33. Rb4 Qc1 34. Rxe1 Qxe1+ 35. Qf1 a5 36. Rf4 Qd2 37. Qc4 Qe1+ 38. Kh2 Qe5 39. b4 axb4 40. axb4 Rd8 41. g3 h5 42. Qc2 Kg7 43. Rf5 Qe1 44. Qc6 Qe7 45. h4 Rd1 46. b5 Qe6 47. Qf3 Qe1 48. Rxh5 Qg1+ 49. Kh3 Qf1+ 50. Kh2 Qg1+ 51. Kh3 Qf1+ 52. Qg2 Qd3 53. b6 Qb1 54. Kh2 Qxb6 55. Qf3 Qd4 56. Qf5 Rd2 57. Kg2 Re2 58. Rh7+ Kg8 59. Rh6 Re6 60. Qh5 Qe4+ 61. Kh2 Kg7 62. Rh8 Qg6 63. Qxg6+ fxg6 64. Rc8 f5 65. Kg2 Kf6 66. Kf3 Re4 67. Rc6+ Kf7 68. h5 gxh5 69. Rh6 Ra4 70. Rxh5 Kg6 71. Rh4 Ra3+ 72. Kf4 Ra4+ 73. Kf3 Ra3+ 74. Kf4 Ra4+ 1/2-1/2

[Event "Belt and Road Hunan op-A"]
[Site "Changsha"]
[Date "2019.07.31"]
[Round "3"]
[White "Cheparinov, Ivan"]
[Black "Parligras, Mircea Emilian"]
[Result "1-0"]
[WhiteElo "2666"]
[BlackElo "2638"]
[PlyCount "114"]
[EventDate "2019.07.29"]
[EventType "swiss"]
[EventRounds "9"]
[EventCountry "CHN"]
[SourceTitle "CBM 191 Extra"]
[Source "ChessBase"]
[SourceDate "2019.09.30"]
[SourceVersion "1"]
[SourceVersionDate "2019.09.30"]
[SourceQuality "1"]

1. c4 Nf6 2. Nc3 c5 3. Nf3 Nc6 4. e3 e6 5. d4 d5 6. cxd5 exd5 7. Bb5 cxd4 8. Nxd4 Bd7 9. O-O Bd6 10. Nf3 Bg4 11. h3 Bh5 12. Be2 O-O 13. b3 Rc8 14. Bb2 Bxf3 15. Bxf3 Be5 16. Rb1 $146 ({RR} 16. Rc1 Re8 17. Re1 Re7 18. Ba3 Rd7 19. Na4 Rdc7 20. Qe2 Bd6 21. Bxd6 Qxd6 22. Rcd1 Ne5 23. Rd2 Rc1 24. Red1 Nxf3+ 25. gxf3 Qe6 26. Kg2 Qf5 27. Nb2 h6 28. Nd3 Rxd1 29. Rxd1 d4 30. e4 Qg5+ {Saric,A (2461)-Petrov,N (2570) Banja Luka BIH 2025 ½-½ (33)}) ({RR} 16. Rc1 Re8 17. Re1 Re7 18. Ba3 Rd7 19. Na4 Rdc7 20. Qe2 Bd6 21. Bxd6 Qxd6 22. Rcd1 Ne5 23. Rd2 Rc1 24. Red1 Nxf3+ 25. gxf3 Qe6 26. Kg2 Qf5 27. Nb2 h6 28. Nd3 Rxd1 29. Rxd1 d4 30. e4 Qg5+ {Saric,A (2437)-Petrov,N (2570) Banja Luka 2025 ½-½ (33)}) ({RR} 16. Rc1 Re8 17. Re1 Re7 18. Ba3 Rd7 19. Na4 Rdc7 20. Qe2 Bd6 21. Bxd6 Qxd6 22. Rcd1 Ne5 23. Rd2 Rc1 24. Red1 Nxf3+ 25. gxf3 Qe6 26. Kg2 Qf5 27. Nb2 h6 28. Nd3 Rxd1 29. Rxd1 d4 30. e4 Qg5+ {Saric,A (2461)-Petrov,N (2570) Banja Luka BIH 2025 ½-½ (33)}) ({RR} 16. Rc1 Re8 17. Re1 Re7 18. Ba3 Rd7 19. Na4 Rdc7 20. Qe2 Bd6 21. Bxd6 Qxd6 22. Rcd1 Ne5 23. Rd2 Rc1 24. Red1 Nxf3+ 25. gxf3 Qe6 26. Kg2 Qf5 27. Nb2 h6 28. Nd3 Rxd1 29. Rxd1 d4 30. e4 Qg5+ {Saric,A (2437)-Petrov,N (2570) Banja Luka 2025 ½-½ (33)}) 16... d4 17. Nb5 dxe3 18. Qxd8 exf2+ 19. Rxf2 Rcxd8 20. Bxc6 Bxb2 21. Rbxb2 bxc6 22. Nxa7 c5 23. Nc6 Rd6 24. Ne7+ Kh8 25. Nf5 Re6 26. Rfe2 Ne4 27. Kh2 g6 28. Ng3 Nxg3 29. Kxg3 Rxe2 30. Rxe2 Kg7 31. Rc2 Ra8 32. Kf4 Kf6 33. g4 h6 34. h4 Ke6 35. h5 Kd5 36. Rd2+ Ke6 37. Re2+ Kd5 38. Rh2 Ra6 39. Rd2+ Ke6 40. Rh2 Kd5 41. hxg6 Rf6+ 42. Ke3 Re6+ 43. Kf3 Rf6+ 44. Kg3 Rxg6 45. Rh5+ Kd4 46. Rf5 Ra6 47. Rf4+ Ke5 48. Rf2 Ke6 49. Rc2 Kf6 50. Kf4 Kg6 51. Kg3 Ra5 52. Kf4 h5 53. gxh5+ Kxh5 54. Rg2 Rb5 55. Ke4 Ra5 56. Kf3 Rb5 57. Rg7 Ra5 1-0

[Event "Netanya Masters"]
[Site "Netanya"]
[Date "2019.06.27"]
[Round "5"]
[White "Rodshtein, Maxim"]
[Black "Dubov, Daniil"]
[Result "0-1"]
[WhiteElo "2685"]
[BlackElo "2700"]
[PlyCount "84"]
[EventDate "2019.06.23"]
[EventType "tourn"]
[EventRounds "9"]
[EventCountry "ISR"]
[EventCategory "18"]
[SourceTitle "CBM 191"]
[Source "ChessBase"]
[SourceDate "2019.08.31"]
[SourceVersion "1"]
[SourceVersionDate "2019.08.31"]
[SourceQuality "1"]

1. c4 {Nielsen,Peter Heine Nielsen,Peter Heine} Nf6 2. Nc3 c5 3. g3 e6 4. Nf3 d5 5. cxd5 exd5 6. d4 Nc6 7. Bg2 cxd4 8. Nxd4 Bc5 9. Nxc6 ({RR} 9. Nb3 Bb6) ({RR} 9. Nb3 Bb6) 9... bxc6 10. Qc2 O-O 11. O-O Bb6 12. Na4 Bd7 13. b3 Re8 14. Bb2 h5 15. e3 ({RR} 15. h4 Ne4 16. e3 Rc8 17. Nxb6 axb6 18. Qd1 Bf5 ({RR} 18... Bg4 19. f3 Nxg3 20. fxg4 Qxh4 21. Qf3 f5) ({RR} 18... Bg4 19. f3 Nxg3 20. fxg4 Qxh4 21. Qf3 f5) 19. Qxh5 Qd7 20. Qd1 ({RR} 20. Bxe4 dxe4 21. Qg5 f6 22. Bxf6 Bg4) ({RR} 20. Bxe4 dxe4 21. Qg5 f6 22. Bxf6 Bg4) 20... c5 21. Re1 Rcd8 ({RR} 21... Rc6) ({RR} 21... Rc6) 22. Rc1 Bh3 23. Qf3 f6 24. Bxh3 Qxh3 25. Rcd1 b5 26. Qg2 Qe6 27. f3 Nd6 28. g4 d4 29. Qd2 ({RR} 29. Qc2 Qd5 30. Kg2 f5 31. g5 f4 32. e4 Qe5) ({RR} 29. Qc2 Qd5 30. Kg2 f5 31. g5 f4 32. e4 Qe5) 29... Qd5 {Aronian,L (2775)-Carlsen,M (2872) Moscow 2019 CBM 193 Extra [Nielsen,Peter Heine] 0-1 (59)}) ({RR} 15. Rfd1 h4 16. Nxb6 axb6 17. Rd4 h3 18. Bf3 c5 19. Rxd5 Nxd5 20. Bxd5 Qg5 21. Bxa8 Rxa8) ({RR} 15. h4 Ne4 16. e3 Rc8 17. Nxb6 axb6 18. Qd1 Bf5 19. Qxh5 Qd7 20. Qd1 c5 21. Re1 Rcd8 22. Rc1 Bh3 23. Qf3 f6 24. Bxh3 Qxh3 25. Rcd1 b5 26. Qg2 Qe6 27. f3 Nd6 28. g4 d4 29. Qd2 Qd5 {Aronian,L (2775)-Carlsen,M (2872) Moscow 2019 CBM 193 Extra [Nielsen,Peter Heine] 0-1 (59)}) ({RR} 15. Rfd1 h4 16. Nxb6 axb6 17. Rd4 h3 18. Bf3 c5 19. Rxd5 Nxd5 20. Bxd5 Qg5 21. Bxa8 Rxa8) 15... h4 16. Nxb6 $146 ({RR} 16. Nc5 Bxc5 17. Qxc5 h3 18. Bh1 Ne4 19. Bxe4 Rxe4 20. f3 Qe7 21. Bd4 Qxc5 22. Bxc5 Ree8 23. g4 f6 24. Kf2 a5 25. Kg3 a4 26. Kxh3 Reb8 27. b4 a3 28. Kg3 Bc8 29. h4 Ba6 30. Rf2 Kf7 {Gorshtein,I (2527)-Leenhouts,K (2444) Vrnjacka Banja SRB 2024 ½-½ (50)}) ({RR} 16. Nc5 Bxc5 17. Qxc5 h3 18. Bh1 Ne4 19. Bxe4 Rxe4 20. f3 Qe7 21. Bd4 Qxc5 22. Bxc5 Ree8 23. g4 f6 24. Kf2 a5 25. Kg3 a4 26. Kxh3 Reb8 27. b4 a3 28. Kg3 Bc8 29. h4 Ba6 30. Rf2 Kf7 {Gorshtein,I (2527)-Leenhouts,K (2444) Vrnjacka Banja SRB 2024 ½-½ (50)}) ({RR} 16. Nc5 Bxc5 17. Qxc5 h3 18. Bh1 Ne4 19. Bxe4 Rxe4 20. f3 Qe7 21. Bd4 Qxc5 22. Bxc5 Ree8 23. g4 f6 24. Kf2 a5 25. Kg3 a4 26. Kxh3 Reb8 27. b4 a3 28. Kg3 Bc8 29. h4 Ba6 30. Rf2 Kf7 {Gorshtein,I (2527)-Leenhouts,K (2444) Vrnjacka Banja SRB 2024 ½-½ (50)}) ({RR} 16. Nc5 Bxc5 17. Qxc5 h3 18. Bh1 Ne4 19. Bxe4 Rxe4 20. f3 Qe7 21. Bd4 Qxc5 22. Bxc5 Ree8 23. g4 f6 24. Kf2 a5 25. Kg3 a4 26. Kxh3 Reb8 27. b4 a3 28. Kg3 Bc8 29. h4 Ba6 30. Rf2 Kf7 {Gorshtein,I (2527)-Leenhouts,K (2444) Vrnjacka Banja SRB 2024 ½-½ (50)}) 16... axb6 17. Qc3 Rc8 18. Rad1 hxg3 19. fxg3 Re6 20. e4 Qf8 21. Rf4 Rce8 22. exd5 Nxd5 23. Bxd5 cxd5 24. Rdf1 f6 25. Qd3 Qf7 26. Bd4 b5 27. g4 Re4 28. h3 Qe6 29. R4f2 b4 30. Rd1 Qd6 31. Kg2 Bc8 32. Qg3 Qe6 33. Kh2 Re2 34. Rg1 Qe4 35. Rxe2 Qxe2+ 36. Qg2 Qd3 37. Qxd5+ Be6 38. Qc6 Bf7 39. Bf2 Re2 40. Qc5 Rc2 41. Qb6 Qf3 42. Rf1 Kh7 0-1

[Event "Danzhou 10th"]
[Site "Danzhou"]
[Date "2019.07.05"]
[Round "5"]
[White "Vidit, Santosh Gujrathi"]
[Black "Wei, Yi"]
[Result "1/2-1/2"]
[WhiteElo "2707"]
[BlackElo "2741"]
[PlyCount "67"]
[EventDate "2019.06.30"]
[EventType "tourn"]
[EventRounds "9"]
[EventCountry "CHN"]
[EventCategory "20"]
[SourceTitle "CBM 191"]
[Source "ChessBase"]
[SourceDate "2019.08.31"]
[SourceVersion "1"]
[SourceVersionDate "2019.08.31"]
[SourceQuality "1"]

1. c4 c5 2. g3 e6 3. Bg2 d5 4. cxd5 exd5 5. d4 Nf6 6. Nf3 Be7 7. O-O O-O 8. Nc3 Nc6 9. Bg5 c4 10. e3 Be6 11. Ne5 h6 12. Bxf6 Bxf6 13. Nxc6 bxc6 14. b3 ({RR} 14. Na4 a5 15. b3 Bc8 16. bxc4 Ba6 17. cxd5 Bxf1 18. Qxf1 cxd5 19. Nc3 g6 20. Nxd5 Bg7 21. h4 h5 22. Rc1 Kh8 23. a4 Rb8 24. Rc5 Rb2 25. Nf4 Ra2 26. Be4 Rxa4 27. Qd1 Bxd4 28. Rxh5+ Kg8 {Petrosian,T (2568)-Babaev,R (2463) Teheran 2005 1-0}) ({RR} 14. Na4 a5 15. b3 Bc8 16. bxc4 Ba6 17. cxd5 Bxf1 18. Qxf1 cxd5 19. Nc3 g6 20. Nxd5 Bg7 21. h4 h5 22. Rc1 Kh8 23. a4 Rb8 24. Rc5 Rb2 25. Nf4 Ra2 26. Be4 Rxa4 27. Qd1 Bxd4 28. Rxh5+ Kg8 {Petrosian,T (2568)-Babaev,R (2463) Teheran 2005 1-0}) 14... cxb3 15. axb3 ({RR} 15. Qc1 b2 16. Qxb2 Rc8 17. Qb3 h5 18. Na4 h4 19. Rac1 Bf5 20. Nc5 h3 21. Qd1 Rb8 22. Bf3 Qc8 23. a3 Qe6 24. Nd3 Qd6 25. Nf4 Bh7 26. Bg4 Bg5 27. Bxh3 Qxa3 28. Nd3 Rb3 29. Ne5 Rb2 {Maltsevskaya,A (2410)-Agrest,I (2285) Monaco MNC 2026 1-0 (36)}) ({RR} 15. Qc1 b2 16. Qxb2 Rc8 17. Qb3 h5 18. Na4 h4 19. Rac1 Bf5 20. Nc5 h3 21. Qd1 Rb8 22. Bf3 Qc8 23. a3 Qe6 24. Nd3 Qd6 25. Nf4 Bh7 26. Bg4 Bg5 27. Bxh3 Qxa3 28. Nd3 Rb3 29. Ne5 Rb2 {Maltsevskaya,A (2410)-Agrest,I (2285) Monaco MNC 2026 1-0 (36)}) 15... c5 16. Ne2 $146 ({RR} 16. Na4 cxd4 17. exd4 Qa5 18. Nc5 Qc3 19. Nxe6 fxe6 20. Qe2 Rae8 21. Ra6 Qxb3 22. Rxe6 Rd8 23. Qd2 Qc4 24. Rd1 Kh8 25. Bf1 Qb3 26. Ra6 Rc8 27. Bd3 Bg5 28. f4 Bf6 29. Kg2 Bxd4 30. Bg6 Bb6 {Voloshin,L (2425)-Siekanski,J (2290) Polanica Zdroj 2016 ½-½ (46)}) ({RR} 16. Na4 cxd4 17. exd4 Bf5 18. Nc5 Qd6 19. Ra6 Qd8 20. Re1 Re8 21. Rxe8+ Qxe8 22. Rxf6 gxf6 23. Bxd5 Rd8 24. Qf3 Bh3 25. Nd3 Rxd5 26. Qxd5 Qe2 27. Qd8+ Kg7 {0-1 (27) Ivanov,A (2068)-Rietze,C (2367) chess.com INT 2024}) ({RR} 16. Na4 cxd4 17. exd4 Qa5 18. Nc5 Qc3 19. Nxe6 fxe6 20. Qe2 Rae8 21. Ra6 Qxb3 22. Rxe6 Rd8 23. Qd2 Qc4 24. Rd1 Kh8 25. Bf1 Qb3 26. Ra6 Rc8 27. Bd3 Bg5 28. f4 Bf6 29. Kg2 Bxd4 30. Bg6 Bb6 {Voloshin,L (2425)-Siekanski,J (2290) Polanica Zdroj 2016 ½-½ (46)}) ({RR} 16. Na4 cxd4 17. exd4 Bf5 18. Nc5 Qd6 19. Ra6 Qd8 20. Re1 Re8 21. Rxe8+ Qxe8 22. Rxf6 gxf6 23. Bxd5 Rd8 24. Qf3 Bh3 25. Nd3 Rxd5 26. Qxd5 Qe2 27. Qd8+ Kg7 {0-1 (27) Ivanov,A (2068)-Rietze,C (2367) chess.com INT 2024}) 16... Bg4 17. h3 Bxe2 18. Qxe2 cxd4 19. exd4 Bxd4 20. Rad1 Qf6 21. Qf3 Rad8 22. Qxf6 Bxf6 23. Bxd5 Rd7 24. Bc4 Rxd1 25. Rxd1 Rd8 26. Rxd8+ Bxd8 27. Kg2 Kf8 28. g4 Bb6 29. f4 g5 30. fxg5 hxg5 31. Kg3 Bc7+ 32. Kf3 Bb6 33. Kg3 Bc7+ 34. Kf3 1/2-1/2

[Event "Riga FIDE GP"]
[Site "Riga"]
[Date "2019.07.12"]
[Round "1.1"]
[White "Mamedyarov, Shakhriyar"]
[Black "Dubov, Daniil"]
[Result "1/2-1/2"]
[WhiteElo "2765"]
[BlackElo "2700"]
[PlyCount "69"]
[EventDate "2019.07.12"]
[EventType "k.o."]
[EventRounds "4"]
[EventCountry "LAT"]
[SourceTitle "CBM 191 Extra"]
[Source "ChessBase"]
[SourceDate "2019.09.30"]
[SourceVersion "1"]
[SourceVersionDate "2019.09.30"]
[SourceQuality "1"]

1. c4 Nf6 2. Nc3 c5 3. g3 e6 4. Nf3 d5 5. cxd5 exd5 6. d4 Nc6 7. Bg2 cxd4 8. Nxd4 Bc5 9. Nb3 Bb6 10. Na4 O-O 11. Nxb6 axb6 12. Be3 h5 13. O-O h4 14. Bg5 ({RR} 14. gxh4 Qd6 15. f3 Nh5 16. Bf2 Nf4 17. Bg3 Qf6 18. Bxf4 Qxf4 19. Qxd5 Qxh4 20. f4 Rd8 21. Qb5 Bh3 22. Bxh3 Qxh3 23. Rf3 Qg4+ 24. Kh1 Rxa2 25. Rg1 Qe6 26. Qg5 Qg6 27. Qh4 Qh7 28. Qg5 Qg6 {Matviishen,V (2547)-Hilby,C (2414) Washington DC USA 2026 ½-½}) ({RR} 14. gxh4 Qd6 15. f3 Nh5 16. Bf2 Nf4 17. Bg3 Qf6 18. Bxf4 Qxf4 19. Qxd5 Qxh4 20. f4 Rd8 21. Qb5 Bh3 22. Bxh3 Qxh3 23. Rf3 Qg4+ 24. Kh1 Rxa2 25. Rg1 Qe6 26. Qg5 Qg6 27. Qh4 Qh7 28. Qg5 Qg6 {Matviishen,V (2547)-Hilby,C (2414) Washington DC USA 2026 ½-½}) 14... h3 15. Bh1 Re8 16. Re1 Bg4 $146 ({RR} 16... Qd6 17. e4 d4 18. Bf4 Qb4 19. e5 Ng4 20. Bxc6 bxc6 21. Qxd4 Qb5 22. f3 c5 23. Qc3 Bb7 24. Nd2 Rad8 25. a4 Qc6 26. Ne4 Ba8 27. a5 bxa5 28. Rxa5 Nh6 29. Rxc5 Qb6 30. Bxh6 Bxe4 31. e6 {Van Wely,L (2609)-Girel,J (2498) Belfort FRA 2025 1-0 (41)}) ({RR} 16... Qd6 17. e4 d4 18. Bf4 Qb4 19. e5 Ng4 20. Bxc6 bxc6 21. Qxd4 Qb5 22. f3 c5 23. Qc3 Bb7 24. Nd2 Rad8 25. a4 Qc6 26. Ne4 Ba8 27. a5 bxa5 28. Rxa5 Nh6 29. Rxc5 Qb6 30. Bxh6 Bxe4 31. e6 {Van Wely,L (2609)-Girel,J (2498) Belfort FRA 2025 1-0 (41)}) 17. a3 Qd6 18. Qd2 Qe5 19. f3 Be6 20. Rad1 d4 21. f4 Qb5 22. Nxd4 Nxd4 23. Qxd4 Bb3 24. Rd3 Bc4 25. Rc3 Bxe2 26. Bxf6 gxf6 27. Qxf6 Bf3 28. Re5 Rxe5 29. fxe5 Bxh1 30. e6 Qd5 31. Qxf7+ Kh8 32. Qf6+ Kg8 33. Qg6+ Kh8 34. Qf6+ Kg8 35. Qf7+ 1/2-1/2